000 00638cam a2200169 i 4500
020 _a0898741610
082 0 _a624.1123
_bHOD
_cL-7, P-12
100 1 _aHodge, Philip Gibson,
_941204
245 1 0 _aPlastic analysis of structures /
_cPhilip G. Hodge, Jr.
260 _aHuntington, N.Y. :
_bR. E. Krieger Pub. Co.,
_c1981, c1959.
300 _axv, 425 p. :
_bill. ;
_c24 cm.
500 _aReprint of the ed. published by McGraw-Hill, New York, in series: McGraw-Hill series in engineering sciences.
526 _a0
_b0
_c0
_d624_112300000000000_HOD
650 0 _aMCE
_9379
650 0 _aPlastic analysis (Engineering)
_919041
942 _2ddc
_cBK
999 _c545373
_d545373